Stanovenie obsahu 5-hydroxymetyl-2-furaldehydu vo vybraných potravinách

Salvato in:
Dettagli Bibliografici
Autore principale: Stoláriková, Mária (Autore)
Altri autori: Šimko, Peter (Relatore della tesi)
Natura: Manoscritto Libro
Lingua:slovacco
Pubblicazione: 2018
Soggetti:
Accesso online:http://is.stuba.sk/zp/portal_zp.pl?podrobnosti=140317
Tags: Aggiungi Tag
Nessun Tag, puoi essere il primo ad aggiungerne!!

MARC

LEADER 00000ntm a22000003a 4500
001 stuzp70019
003 SK-STU
005 20180602211607.0
007 ta
008 150427s2015----xo-----f-mn---000-0-slo-d
040 |a STU  |b slo 
041 0 |a slo 
100 1 |a Stoláriková, Mária  |u 040200  |4 aut  |U FCHPT Fakulta chemickej a potravinárskej technológie  |T FCHPT Ústav potravinárstva a výživy  |X 70731  |U C020  |Y 684  |7 70731 
242 0 1 |a Determination of 5-hydroxymethyl-2-furaldehyde in certain foods  |y eng 
245 1 0 |a Stanovenie obsahu 5-hydroxymetyl-2-furaldehydu vo vybraných potravinách 
260 |c 2018 
650 4 |a HPLC  |2 slo 
650 4 |a potraviny  |2 slo 
650 4 |a 5-hydroxymetyl-2-furaldehyd  |2 slo 
650 4 |a batatová vláknina  |2 slo 
650 4 |a HPLC  |2 eng 
650 4 |a food  |2 eng 
650 4 |a 5-hydroxymethyl-2-furaldehyde  |2 eng 
650 4 |a batat fiber  |2 eng 
700 1 |a Šimko, Peter  |u 040250  |k Z1  |4 ths  |U FCHPT Ústav potravinárstva a výživy  |T FCHPT Oddelenie potravinárskej technológie  |X 5101  |U C0250  |Y 685  |7 A0000005101 
856 4 |u http://is.stuba.sk/zp/portal_zp.pl?podrobnosti=140317